[Event "Canadian op U2000"]
[Site "Toronto"]
[Date "1983.07.16"]
[Round "9"]
[White "Moffat, Andrei"]
[Black "Mosley, Don"]
[Result "0-1"]
[WhiteElo "1935"]
[BlackElo "1745"]
[PlyCount "50"]
[EventDate "1983.07.09"]
[EventType "tourn"]
[EventRounds "10"]
[EventCountry "CAN"]
[SourceTitle "EXT 2022"]
[Source "ChessBase"]
[SourceDate "2021.10.06"]
[SourceVersion "1"]
[SourceVersionDate "2021.10.06"]
[SourceQuality "1"]

1. e4 e5 2. f4 exf4 3. Bc4 d6 4. d4 Qh4+ 5. Kf1 g5 6. Nc3 Ne7 7. Nf3 Qh5 8. e5 g4 9. Ne4 Bg7 10. Bb5+ Bd7 11. Bxd7+ Nxd7 12. exd6 Ng6 13. Ne5 Ndxe5 14. dxe5 0-0-0 15. Nf2 f3 16. Qd4 Rxd6 17. Qxa7 Ra6 18. Qc5 Re8 19. gxf3 gxf3 20. Be3 Rxe5 21. Qc3 Rae6 22. Bd4 Re2 23. Bxg7 Rxf2+ 24. Kxf2 Re2+ 25. Kg3 Rg2# 0-1